Advanced level inorganic chemistry /

Bibliographic Details
Main Author: Holderness, A. (Albert)
Other Authors: Berry, Martyn
Format: Book
Language:English
Published: London : Heinemann Educational Books, 1979.
Edition:3rd ed. /
Subjects:

MARC

Tag First Indicator Second Indicator Subfields
LEADER 00000cam a2200000 a 4500
001 in00000078608
005 20151008053850.0
008 801028s1979 enka 00110 eng d
020 |a 0435654357 
035 |a (OCoLC)06872194 
035 |9 AAH8897AM 
040 |a CNO  |c CNO  |d TXA  |d UtOrBLW 
049 |a TXAM  |c [1481616] 
090 |a QD151.2  |b .H6 1979 
100 1 |a Holderness, A.  |q (Albert) 
245 1 0 |a Advanced level inorganic chemistry /  |c A. Holderness. 
250 |a 3rd ed. /  |b rev. by Martyn Berry. 
264 1 |a London :  |b Heinemann Educational Books,  |c 1979. 
300 |a x, 511 pages :  |b illustrations ;  |c 22 cm. 
336 |a text  |b txt  |2 rdacontent 
337 |a unmediated  |b n  |2 rdamedia 
338 |a volume  |b nc  |2 rdacarrier 
500 |a First published as the Inorganic section of Inorganic and physical chemistry, 1961. 
500 |a A companion to Advanced level physical chemistry. 
500 |a Includes index. 
650 0 |a Chemistry, Inorganic. 
700 1 |a Berry, Martyn. 
700 1 |a Holderness, A.  |q (Albert).  |t Inorganic and physical chemistry. 
999 |a MARS 
999 f f |s 7e3244e8-fdc3-37a6-8644-172158869f97  |i 5485bcf5-a943-3093-9e70-d71210a7e9d0  |t 0 
952 f f |p ric  |a Texas A&M University  |b Rellis Campus  |c Joint Library Facility  |d Remote Storage  |t 0  |e QD151.2 .H6 1979  |h Library of Congress classification  |i unmediated -- volume  |m A14825521353 
998 f f |a QD151.2 .H6 1979  |t 0  |l Remote Storage